|
|
|
|
| LEADER |
00000nam a2200000 a 4500 |
| 001 |
vtls001523550 |
| 003 |
SK-MaSNL |
| 005 |
20260302073934.0 |
| 008 |
171201s2005 xo ob g f 001 0 slo |
| 020 |
|
|
|a 8055109133
|q (viaz.)
|
| 035 |
|
|
|a 45781E79-ED8D-4236-9D24-E3354A1AB381
|
| 035 |
|
|
|a urn:nbn:sk:snk-amksoj
|
| 035 |
|
|
|a urn:nbn:sk:snk-am0057vf
|
| 040 |
|
|
|a SNK
|b slo
|c SNK
|e AACR2
|
| 041 |
1 |
|
|a slo
|h ger
|
| 043 |
|
|
|a e------
|
| 044 |
|
|
|a xo
|c SK
|
| 072 |
|
7 |
|a 913(4)
|x Geografia Európy, reálie, cestovanie
|2 konspekt
|
| 080 |
|
|
|a 502.1
|2 1997
|
| 080 |
|
|
|a 913(4)
|2 1997
|
| 080 |
|
|
|a 913
|2 1997
|
| 080 |
|
|
|a (084.12)
|2 1997
|
| 080 |
|
|
|a (048.8)
|2 1997
|
| 130 |
0 |
|
|a Die Grosse Enzyklopädie der Welt - Das Erbe [i.e. Das Erde] der Welt: Europa 1
|l Slovensky
|9 738969
|
| 245 |
0 |
0 |
|a Svetové dedičstvo
|b svet, v ktorom žijeme
|c [z nemeckého originálu preložila Katarína Chlapíková ; obálku navrhla Viera Fabiánová]
|p Európa
|n 1
|
| 246 |
3 |
0 |
|a Európa
|n 1
|
| 250 |
|
|
|a [1. vyd.]
|
| 260 |
|
|
|a Bratislava
|b Ikar
|c 2005
|
| 300 |
|
|
|a 79 s.
|b fotogr., mp.
|c 30 cm
|
| 490 |
1 |
|
|a Glóbus
|
| 500 |
|
|
|a Obsahuje register
|
| 500 |
|
|
|a Obsahuje pramene obrázkov
|
| 650 |
0 |
7 |
|a príroda a kultúra
|z Európa
|2 SNKPH
|9 531185
|
| 650 |
0 |
7 |
|a regionálna geografia
|z Európa
|2 SNKPH
|9 496076
|
| 651 |
|
7 |
|a Európa
|2 SNKPH
|9 167569
|
| 655 |
|
7 |
|a fotografické publikácie
|2 SNKPH
|9 70483
|
| 655 |
|
7 |
|a prehľady
|2 SNKPH
|9 70194
|
| 700 |
1 |
|
|a Chlapíková, Katarína
|4 trl
|9 411798
|
| 700 |
1 |
|
|a Fabianová, Viera
|4 bjd
|9 244479
|
| 830 |
|
0 |
|a Glóbus
|9 305065
|
| 919 |
|
|
|a 80-551-0913-3
|
| 999 |
|
|
|c 1162957
|d 1164887
|
| 952 |
|
|
|a SNK
|b SNK
|y PREZ
|7 0
|p 17A0465256
|o snkSB 70277/1
|i snk2005/6033
|8 0
|0 0
|1 0
|4 0
|d 2005-04-12
|l 0
|r 2025-04-25 00:00:00
|w 2026-02-24
|
| 952 |
|
|
|a SNK
|b SNK
|y VYP
|7 0
|p 17A0465257
|o snkSB 70277/1 D1
|i snk2005/6034
|8 0
|0 0
|1 0
|4 0
|d 2005-04-12
|f 1
|l 0
|r 2016-06-30 00:00:00
|w 2026-02-24
|